[Event "Cambridge op 2nd"]
[Site "Cambridge"]
[Date "2024.02.23"]
[Round "8"]
[White "Underwood, Jon"]
[Black "Waller, Dan"]
[Result "0-1"]
[WhiteElo "1993"]
[BlackElo "2110"]
[PlyCount "100"]
[EventDate "2024.02.19"]
[EventType "swiss"]
[EventRounds "9"]
[EventCountry "ENG"]
[SourceTitle "CB09_2024"]
[SourceDate "2024.02.28"]
[SourceVersion "1"]
[SourceVersionDate "2024.02.28"]
[SourceQuality "1"]

1. c4 e5 2. g3 Nc6 3. Bg2 g6 4. Nc3 Bg7 5. e3 d6 6. Nge2 f5 7. d4 Nge7 8. 0-0 0-0 9. b3 Kh8 10. Bb2 Bd7 11. Qd2 Rc8 12. Rad1 e4 13. Nf4 Qe8 14. f3 exf3 15. Bxf3 Qf7 16. Rde1 Ng8 17. Ncd5 Nf6 18. Nxf6 Qxf6 19. b4 b6 20. b5 Na5 21. Rc1 Rfe8 22. Ba3 Be6 23. Nd5 Qf7 24. e4 fxe4 25. Bxe4 Qg8 26. Qd3 a6 27. bxa6 b5 28. a7 Nxc4 29. Nf4 Nxa3 30. Qxa3 Bxd4+ 31. Kh1 Bc4 32. Rfe1 g5 33. Ng2 c5 34. Bb7 Bd5 35. Bxc8 Rxc8 36. Rcd1 Qg7 37. Qa6 Qb7 38. Qxb7 Bxb7 39. Re7 Bc6 40. Rf1 c4 41. Rff7 c3 42. Rc7 Rxc7 43. Rxc7 Bd5 44. h4 Bc5 45. Kh2 c2 46. Rc8+ Kg7 47. Rc7+ Kf8 48. Ne3 c1Q 49. Nxd5 Qg1+ 50. Kh3 Bxa7 0-1

[Event "Cambridge op"]
[Site "Cambridge"]
[Date "2023.02.19"]
[Round "9"]
[White "Gormally, Daniel"]
[Black "Waller, Dan"]
[Result "1-0"]
[WhiteElo "2448"]
[BlackElo "2117"]
[PlyCount "55"]
[EventDate "2023.02.15"]
[EventType "swiss"]
[EventRounds "9"]
[EventCountry "ENG"]
[SourceTitle "CBM 212 Extra"]
[Source "ChessBase"]
[SourceDate "2023.03.31"]
[SourceVersion "1"]
[SourceVersionDate "2023.03.31"]
[SourceQuality "1"]

1. e4 c5 2. Nf3 g6 3. d4 cxd4 4. Qxd4 Nf6 5. Bb5 a6 6. e5 axb5 7. exf6 Nc6 8. Qd3 b4 9. 0-0 e6 10. Nbd2 b6 11. Re1 d5 12. Nb3 Ba6 13. Qe3 Qb8 14. Nbd4 Nxd4 15. Qxd4 Qd6 16. Bf4 Qc5 17. Rxe6+ Kd7 18. Re5 Qxd4 19. Nxd4 Bb7 20. Rae1 Rxa2 21. h4 Bc5 22. Re7+ Bxe7 23. Rxe7+ Kc8 24. Rxf7 Rd8 25. Rxh7 Ra1+ 26. Kh2 Rd1 27. Nb5 Rf8 28. Rc7+ 1-0

[Event "BCF-chT4S 1920 (4NCL)"]
[Site "England"]
[Date "2020.01.12"]
[Round "4.42"]
[White "Waller, Dan"]
[Black "Smith, Steve"]
[Result "1-0"]
[WhiteElo "2102"]
[BlackElo "1826"]
[PlyCount "75"]
[EventDate "2019.11.09"]
[EventType "team-swiss"]
[EventRounds "11"]
[EventCountry "ENG"]
[SourceTitle "EXT 2022"]
[Source "ChessBase"]
[SourceDate "2021.10.06"]
[SourceVersion "1"]
[SourceVersionDate "2021.10.06"]
[SourceQuality "1"]
[WhiteTeam "All Anands on Deck"]
[BlackTeam "West is Best III"]
[WhiteTeamCountry "ENG"]
[BlackTeamCountry "WLS"]

1. e4 e5 2. Nc3 Nf6 3. f4 d5 4. fxe5 Nxe4 5. Qf3 Nxc3 6. dxc3 Qh4+ 7. g3 Qe4+ 8. Qxe4 dxe4 9. Bg2 Nc6 10. Bf4 Bf5 11. 0-0-0 Be7 12. e6 Bxe6 13. Bxe4 Bxa2 14. Nf3 Be6 15. Rhe1 0-0 16. Bxc7 Rac8 17. Bf4 Rfd8 18. Nd4 Bg4 19. Rd2 Nxd4 20. cxd4 Bf6 21. Bxb7 Re8 22. Rxe8+ Rxe8 23. c4 g5 24. Bd6 Re1+ 25. Kc2 Bf5+ 26. Kc3 a5 27. c5 Re3+ 28. Kc4 Be6+ 29. d5 Re4+ 30. Kb5 Rb4+ 31. Ka6 Bh3 32. c6 Bf1+ 33. Kxa5 Rb5+ 34. Ka4 Bxb2 35. Ba6 Bc3 36. Bxb5 Bxb5+ 37. Kxb5 Bxd2 38. c7 1-0

[Event "BCF-chT4S 1819 (4NCL)"]
[Site "England"]
[Date "2019.05.06"]
[Round "11.112"]
[White "Waller, Dan"]
[Black "Chilton, James I"]
[Result "1-0"]
[WhiteElo "2057"]
[BlackElo "1747"]
[PlyCount "59"]
[EventDate "2018.11.17"]
[EventType "team-swiss"]
[EventRounds "11"]
[EventCountry "ENG"]
[SourceTitle "EXT 2021"]
[Source "ChessBase"]
[SourceDate "2020.10.23"]
[SourceVersion "1"]
[SourceVersionDate "2020.10.23"]
[SourceQuality "1"]
[WhiteTeam "All Anands on Deck"]
[BlackTeam "Wessex III"]
[WhiteTeamCountry "ENG"]
[BlackTeamCountry "ENG"]

1. e4 c5 2. Nf3 e6 3. d4 cxd4 4. Nxd4 a6 5. c4 Nc6 6. Nc3 Qc7 7. Be2 Nf6 8. 0-0 Bd6 9. g3 h5 10. Ndb5 axb5 11. Nxb5 Qb8 12. Nxd6+ Ke7 13. c5 h4 14. Qd3 Ra5 15. Be3 hxg3 16. fxg3 b6 17. Nc4 Rxc5 18. Bxc5+ bxc5 19. Bf3 Ba6 20. b3 Ne5 21. Qc3 Ng6 22. Qe3 Qc7 23. e5 Nh7 24. Rae1 f6 25. exf6+ gxf6 26. Qh6 Nhf8 27. Qg7+ Ke8 28. Be4 Bb7 29. Bxg6+ Nxg6 30. Qxg6+ 1-0

[Event "Shropshire op"]
[Site "Telford"]
[Date "2019.01.04"]
[Round "1"]
[White "Waller, Dan"]
[Black "Ghasi, Ameet K"]
[Result "0-1"]
[WhiteElo "2043"]
[BlackElo "2505"]
[PlyCount "74"]
[EventDate "2019.01.04"]
[EventType "swiss"]
[EventRounds "5"]
[EventCountry "ENG"]
[SourceTitle "CBM 188 Extra"]
[Source "ChessBase"]
[SourceDate "2019.02.26"]
[SourceVersion "1"]
[SourceVersionDate "2019.02.26"]
[SourceQuality "1"]

1. e4 d6 2. d4 Nf6 3. Nc3 g6 4. Bg5 c6 5. Qd2 b5 6. Bd3 Nbd7 7. f4 b4 8. Nce2 Qb6 9. Nf3 d5 10. Ng3 dxe4 11. Bxe4 Bg7 12. 0-0-0 0-0 13. Ne5 Nxe4 14. Nxe4 Nf6 15. Bxf6 exf6 16. Nc4 Qa6 17. Qxb4 Qxa2 18. Nc3 Qa6 19. Qa4 Qb7 20. g3 Rb8 21. b3 Bg4 22. Rd3 Bd7 23. Na5 Qc8 24. Qc4 f5 25. Na4 Rb5 26. b4 Be6 27. Qxc6 Rxb4 28. Qxc8 Rxc8 29. Nc5 Bd5 30. Rhd1 Bxd4 31. Nab3 Bxb3 32. Nxb3 Bf6 33. Kb1 a5 34. Kc1 a4 35. Nd4 a3 36. Nb3 a2 37. Kd2 Rxb3 0-1

[Event "Nottingham 4NCL op 20th"]
[Site "Nottingham"]
[Date "2018.09.30"]
[Round "4"]
[White "Waller, Dan"]
[Black "Hebden, Mark"]
[Result "0-1"]
[WhiteElo "2092"]
[BlackElo "2426"]
[PlyCount "76"]
[EventDate "2018.09.28"]
[EventType "swiss"]
[EventRounds "5"]
[EventCountry "ENG"]
[SourceTitle "CBM 186 Extra"]
[Source "ChessBase"]
[SourceDate "2018.08.24"]
[SourceVersion "1"]
[SourceVersionDate "2018.08.24"]
[SourceQuality "1"]

1. e4 e5 2. Nf3 Nc6 3. Bc4 Nf6 4. Ng5 d5 5. exd5 Na5 6. Bb5+ c6 7. dxc6 bxc6 8. Bd3 Nd5 9. h4 Bc5 10. Qf3 f5 11. Bxf5 0-0 12. Bxh7+ Kh8 13. Nf7+ Rxf7 14. Qxf7 Nf4 15. Qg8+ Qxg8 16. Bxg8 Kxg8 17. Rh2 Ne6 18. Nc3 Nd4 19. Kd1 Bb6 20. d3 c5 21. Bg5 c4 22. b4 Nac6 23. Nd5 cxd3 24. cxd3 Be6 25. Nxb6 axb6 26. h5 Bxa2 27. Rxa2 Rxa2 28. h6 Nxb4 29. hxg7 Kxg7 30. Bh6+ Kf7 31. Be3 Nxd3 32. Rh7+ Ke6 33. g4 Nxf2+ 34. Bxf2 Rxf2 35. g5 e4 36. Rh6+ Ke5 37. Rxb6 e3 38. Ke1 Nf3+ 0-1